Statistics for Proposed national flags of the world

Click here to take the quiz!

General Stats

  • This quiz has been taken 34 times
  • The average score is 6 of 16

Answer Stats

Answer% Correct
Australia
67%
China
63%
Egypt
59%
Moldova
52%
Bulgaria
41%
Ghana
41%
Kosovo
37%
Swedish-Norwegian Union
37%
Panama
33%
Angola
26%
Peru
26%
Slovenia
26%
Bosnia-Herzegovina
22%
Brazil
22%
Suriname
22%
Uzbekistan
19%

Score Distribution

Percentile by Number Answered

Percent of People with Each Score

Your Score History

You have not taken this quiz